[Event "USA-ch"]
[Site "Saint Louis"]
[Date "2016.04.16"]
[Round "3"]
[White "So, Wesley"]
[Black "Caruana, Fabiano"]
[Result "1/2-1/2"]
[WhiteElo "2773"]
[BlackElo "2795"]
[Annotator "Besenthal,K"]
[PlyCount "184"]
[EventDate "2016.04.14"]
[EventType "tourn"]
[EventRounds "11"]
[EventCountry "USA"]
[EventCategory "17"]
[SourceTitle "CBM 172"]
[Source "ChessBase"]
[SourceDate "2016.05.12"]
[SourceVersion "1"]
[SourceVersionDate "2016.05.12"]
[SourceQuality "1"]

1. c4 c5 2. Nf3 Nf6 3. Nc3 Nc6 4. e3 e6 5. d4 d5 6. a3 a6 7. dxc5 Bxc5 8. b4
Bd6 9. Bb2 O-O 10. cxd5 exd5 11. Be2 Be6 12. O-O Qe7 13. Rc1 a5 14. Nb5 ({
Die einzige Referenzpartie wurde vor mehr als hundert Jahren gespielt:} 14. b5
Ne5 15. Qa4 Ned7 16. Nb1 Bf5 17. Nh4 Be4 18. g3 Nc5 19. Qd1 a4 20. Nc3 Nb3 21.
Nxe4 Nxc1 22. Nxf6+ gxf6 23. Qxc1 Rac8 24. Qd1 Bxa3 25. Nf5 Qb4 26. Bxf6 {
1-0 (26) Lee,F-Sergeant,E Scarborough 1909}) 14... axb4 15. Nxd6 Qxd6 16. axb4
Qxb4 17. Bxf6 gxf6 18. Rb1 Qe7 19. Rb5 Rfd8 20. Nd4 Kg7 21. Re1 Nxd4 22. Qxd4 {
Diagramm [#] Über Vorteil verfügt Schwarz hier trotz des Mehrbauern nicht.
Dafür ist seine Struktur zu sehr zersplittert.} Bf5 23. Rxd5 Rxd5 24. Qxd5 Be4
25. Qd1 Qb4 26. Rf1 {Nach diesem passiven Zug entwickelt Schwarz eine gewisse
Initiative.} Ra2 27. Qd7 Bg6 28. Bf3 b5 29. h4 {Diagramm [#]} Rd2 (29... h5 $1
30. Qh3 Qc3 31. g4 hxg4 32. Qxg4 {und jetzt wäre} b4 {möglich gewesen:} 33.
h5 $2 Ra5) 30. Qh3 h5 31. Qg3 Qd6 32. Qxd6 Rxd6 33. Rd1 Rb6 34. e4 b4 35. Rd2
f5 36. exf5 Bxf5 37. Bxh5 b3 38. Rb2 Bc2 39. Bf3 Rb5 40. Be2 Rb4 41. Bf3 Rxh4
42. Bd5 Rb4 43. Kf1 f5 44. Ke2 Kf6 45. f4 Ke7 46. Bg8 Kf8 47. Bd5 Kg7 48. Ke3
Kg6 49. Bf3 Kf6 50. Bd5 Kg6 51. Bf3 Rc4 52. g4 Rc3+ 53. Kf2 Bd3 54. Bd1 Bc4 55.
Ke1 Rg3 56. Kf2 Rh3 57. Ke1 Be6 58. Re2 Bc4 59. Rb2 Kf6 60. Kd2 Rd3+ 61. Kc1
Rc3+ 62. Kd2 Rg3 63. gxf5 Kxf5 64. Kc1 Kxf4 65. Rh2 Ke3 66. Kb2 Kd4 67. Rh4+
Kc5 68. Ka3 Bd5 69. Rh5 Kd4 70. Rxd5+ Kxd5 71. Bxb3+ Kd4 {Diagramm [#] Dieses
Endspiel ist nicht zu gewinnen.} 72. Kb2 Rg2+ 73. Ka1 Kc3 74. Ba2 Rg7 75. Bb1
Rb7 76. Ba2 Kc2 77. Bd5 Re7 78. Bg8 Re1+ 79. Ka2 Rh1 80. Bd5 Rh4 81. Bb3+ Kc3
82. Be6 Rf4 83. Bg8 Rf2+ 84. Kb1 Rb2+ 85. Ka1 Kc2 86. Bh7+ Kc1 87. Bg8 Rb1+ 88.
Ka2 Rb8 89. Bf7 Rb2+ 90. Ka1 Rb7 91. Bd5 Ra7+ 92. Ba2 Kc2 1/2-1/2

[Event "USA-ch"]
[Site "Saint Louis"]
[Date "2016.04.22"]
[Round "8"]
[White "Caruana, Fabiano"]
[Black "Robson, Ray"]
[Result "1/2-1/2"]
[WhiteElo "2795"]
[BlackElo "2663"]
[Annotator "Besenthal,K"]
[PlyCount "66"]
[EventDate "2016.04.14"]
[EventType "tourn"]
[EventRounds "11"]
[EventCountry "USA"]
[EventCategory "17"]
[SourceTitle "CBM 172"]
[Source "ChessBase"]
[SourceDate "2016.05.12"]
[SourceVersion "1"]
[SourceVersionDate "2016.05.12"]
[SourceQuality "1"]

1. e4 e6 2. d4 d5 3. Nc3 Nf6 4. e5 Nfd7 5. f4 c5 6. Nf3 Nc6 7. Be3 cxd4 8. Nxd4
Qb6 9. Qd2 Qxb2 {Diagramm [#] Dieses Bauernopfer wurde schon hundertfach auf
höchstem Niveau gespielt.} 10. Rb1 Qa3 11. Bb5 Nxd4 12. Bxd4 a6 (12... Bb4 {
ändert nichts daran, dass Weiß den Bauern letztlich zurückbekommt:} 13. O-O
a6 14. Rb3 Qa5 15. Rfb1 Be7 16. Bxd7+ Bxd7 17. Rxb7 Bc5 18. Rb8+ Ke7 19. R1b5
Bxd4+ 20. Qxd4 Qa3 21. Rxh8 {1/2-1/2 (21) Edouard,R (2679)-Meier,G (2632)
Helsingor 2014}) 13. Bxd7+ Bxd7 14. Rb3 Qe7 15. Rxb7 Qd8 16. O-O Rb8 17. Rxb8
Qxb8 18. f5 Qc8 19. f6 gxf6 {Diagramm [#]} 20. Qf4 ({Mit} 20. Rxf6 {erreichte
ein anderer Spieler der Weltspitze nichts und kam zwischenzeitlich gar in arge
Schwierigkeiten:} h5 21. Rf3 Qc4 22. h3 Be7 23. a3 Bxa3 24. Ne4 dxe4 25. Rxa3
Rg8 26. Rb3 Qc7 27. Rc3 e3 28. Bxe3 Qxe5 29. Rd3 Qb5 30. Rb3 Qc6 31. Rb8+ Bc8
32. c4 Qxc4 33. Rb4 Qc6 34. Rd4 f6 35. Kh1 Kf7 36. Rd6 Qb5 37. Kh2 h4 38. Bf4
Qf5 39. Rc6 Kg6 40. Rc7 e5 41. Be3 Be6 42. Qb4 Rg7 43. Rxg7+ Kxg7 44. Qb7+ Bf7
45. Qxa6 Qe4 46. Qe2 f5 47. Qf3 Qxf3 48. gxf3 Kg6 49. f4 exf4 {1/2-1/2 (49)
Grischuk,A (2792)-Agdestein,S (2628) Stavanger 2014}) 20... Qc4 (20... f5 21.
Nxd5 exd5 22. e6 fxe6 23. Bxh8 Qxc2 $11 {kam auch in Frage.}) 21. exf6 Rg8 22.
Nxd5 exd5 23. Re1+ Kd8 24. Qb8+ Bc8 25. Qa7 {Diagramm [#]} Be6 ({Oder} 25...
Bd6 26. Re7 Rxg2+ 27. Kxg2 Bh3+ $1 $11) 26. Bb6+ Kc8 27. Qa8+ Kd7 28. Qb7+ Kd6
29. Ba7 {Diagramm [#]} Rxg2+ ({Schwarz steht zu schlecht, als dass er
ernsthaft daran denken könnte, seine Mehrfigur zu verwerten. Z.B.:} 29... Qc6
30. Bb8+ Kc5 31. Ba7+ Kd6 $11) 30. Kxg2 Qg4+ 31. Kh1 Qf3+ 32. Kg1 Qg4+ 33. Kh1
Qf3+ 1/2-1/2

[Event "Saint Louis Ultimate Blitz Challenge"]
[Site "Saint Louis"]
[Date "2016.04.29"]
[Round "12"]
[White "Caruana, Fabiano"]
[Black "Kasparov, Garry"]
[Result "0-1"]
[WhiteElo "2795"]
[BlackElo "2812"]
[Annotator "CB"]
[PlyCount "80"]
[EventDate "2016.04.28"]
[EventType "tourn (blitz)"]
[EventRounds "18"]
[EventCountry "USA"]
[EventCategory "22"]
[SourceTitle "CBM 172 Extra"]
[Source "ChessBase"]
[SourceDate "2016.06.21"]
[SourceVersion "1"]
[SourceVersionDate "2016.06.21"]
[SourceQuality "1"]

1. e4 c5 2. Nf3 d6 3. d4 cxd4 4. Nxd4 Nf6 5. Nc3 a6 6. h3 e6 7. g4 Be7 8. Bg2
Nfd7 9. Be3 Nc6 10. Qe2 O-O 11. O-O-O Nxd4 12. Bxd4 Qc7 13. f4 b5 14. g5 b4 15.
Na4 e5 16. Be3 exf4 17. Bxf4 Ne5 18. Qf2 Rb8 19. h4 Bg4 20. Rd2 Rfc8 21. b3 Qa5
22. Bh3 Be6 23. h5 Nc4 $1 {So eine Chance lässt Kasparov sich nicht entgehen.}
24. Re2 Bxg5 25. bxc4 Bxc4 (25... Bxf4+ 26. Qxf4 Qxa4 27. Bxe6 fxe6 28. Rg1 $13
) 26. Bxg5 Qxg5+ 27. Re3 Bd3 $2 28. Qg3 $4 (28. Bxc8 {Caruana sah nicht, dass
er den Turm einfach schlagen konnte - Sinnbild für seine Form in diesem
Turnier.}) 28... Rxc2+ 29. Kd1 Qxh5+ 30. Qg4 Qe5 31. Rxd3 Rxa2 32. Rd2 Qa1+ 33.
Ke2 Rxd2+ 34. Kxd2 Qxh1 {Schwarz hat jetzt einfach zu viele Bauern.} 35. Nb2
Qh2+ 36. Bg2 h5 37. Qg5 Qe5 38. Qxe5 dxe5 39. Bf1 a5 40. Bc4 h4 0-1

[Event "Saint Louis Ultimate Blitz Challenge"]
[Site "Saint Louis"]
[Date "2016.04.29"]
[Round "16"]
[White "Caruana, Fabiano"]
[Black "Nakamura, Hikaru"]
[Result "0-1"]
[WhiteElo "2795"]
[BlackElo "2787"]
[Annotator "Besenthal,K"]
[PlyCount "134"]
[EventDate "2016.04.28"]
[EventType "tourn (blitz)"]
[EventRounds "18"]
[EventCountry "USA"]
[EventCategory "22"]
[SourceTitle "CBM 172 Extra"]
[Source "ChessBase"]
[SourceDate "2016.06.21"]
[SourceVersion "1"]
[SourceVersionDate "2016.06.21"]
[SourceQuality "1"]

1. Nf3 d5 2. g3 Nf6 3. Bg2 e6 4. O-O Be7 5. b3 O-O 6. Bb2 c5 7. c4 d4 8. e3 Nc6
9. exd4 cxd4 10. Re1 Ne8 11. d3 f6 12. Nbd2 e5 13. Ne4 Nc7 14. c5 Be6 15. Nfd2
Bd5 16. Nc4 Ne6 17. Ba3 b5 18. Ncd6 Bxd6 19. cxd6 b4 20. Bc1 Bxe4 21. Bxe4 Qxd6
22. Qh5 g6 23. Qf3 Rac8 24. Bh6 Rf7 25. Rac1 Ne7 26. Rxc8+ Nxc8 27. Rc1 Ne7 28.
h4 Kh8 29. Ba8 Nc5 30. Bd2 a5 31. h5 Kg7 32. h6+ Kh8 33. Rc4 Rf8 34. g4 f5 35.
Bg5 Ne6 36. Bd2 e4 37. dxe4 fxg4 38. e5 Qxe5 39. Qe4 Qxe4 40. Bxe4 Rc8 41.
Rxc8+ Nxc8 42. Bd5 Nc7 43. Bc6 Ne7 44. Bd7 Kg8 45. Bxg4 Kf7 46. Kf1 Nc6 47. Ke2
Ne5 48. Bh3 Ke7 49. f4 Nf7 50. f5 g5 51. Kd3 Nb5 52. Kc4 Nc3 53. Kxd4 Kf6 54.
Bxc3 bxc3 55. Kxc3 {Die Partie sollte remis enden, aber beide Spieler müssen
aufmerksam bleiben.} Nxh6 56. b4 g4 57. Bg2 axb4+ (57... a4 58. b5 Nxf5 59. b6
Nd6 60. b7 Nxb7 61. Bxb7 Kg5 $11) 58. Kxb4 Nxf5 59. a4 Ne3 60. Be4 {Nahezu
jeder andere Läuferzug hätte das Remis gehalten. Jetzt gewinnt Schwarz ein
wichtiges Tempo.} (60. Bb7 Ke5 61. a5 Kd6 62. a6 Kc7 $11) (60. a5 $2 Nxg2 61.
a6 Nf4 62. a7 Nd5+ $19) 60... Ke5 61. Bh1 Kd6 62. a5 Kc7 63. Kc5 g3 64. Kd4 g2
65. Bxg2 Nxg2 66. Ke4 Nh4 67. Kf4 Ng6+ {Dieses Spiel zeigt anschaulich, wie
Caruana einfache Stellungen "verpfuscht" hat.} 0-1

[Event "Saint Louis Ultimate Blitz Challenge"]
[Site "Saint Louis"]
[Date "2016.04.29"]
[Round "18"]
[White "Caruana, Fabiano"]
[Black "Kasparov, Garry"]
[Result "0-1"]
[WhiteElo "2795"]
[BlackElo "2812"]
[Annotator "CB"]
[PlyCount "74"]
[EventDate "2016.04.28"]
[EventType "tourn (blitz)"]
[EventRounds "18"]
[EventCountry "USA"]
[EventCategory "22"]
[SourceTitle "CBM 172 Extra"]
[Source "ChessBase"]
[SourceDate "2016.06.21"]
[SourceVersion "1"]
[SourceVersionDate "2016.06.21"]
[SourceQuality "1"]

1. Nf3 Nf6 2. g3 g6 3. Bg2 Bg7 4. O-O O-O 5. c4 d6 6. b3 e5 7. Bb2 c5 8. e3 Nc6
9. Nc3 Bf5 10. d4 e4 11. Ne1 (11. Ng5 Re8 12. dxc5 dxc5 13. Nb5 Re7 14. Qxd8+
Rxd8 15. Rad1 Rxd1 16. Rxd1 h6 17. Nh3 g5 18. Nd6 Bg4 19. Rd2 Ne8 20. Bxg7 Kxg7
21. Kf1 Nxd6 22. Rxd6 Nb4 23. a3 Nd3 24. Ng1 Nc1 25. h3 Bc8 26. Ne2 Nxb3 27.
Nc3 Be6 28. Bxe4 Na5 29. Bd5 Nxc4 30. Bxc4 Bxc4+ 31. Ke1 Be6 32. e4 Bxh3 33. f4
gxf4 34. gxf4 Rd7 35. e5 Rxd6 36. exd6 f6 37. Nd5 Kf7 38. Nc7 Bd7 {0-1 (38)
Webb,S (2425)-Kasparov,G (2595) Skara 1980}) 11... Re8 12. Nc2 h5 {Kasparov
startet den Königsangriff.} 13. Qd2 h4 14. Ba3 b6 15. Rfd1 Bg4 16. Rdc1 Qd7
17. b4 Qf5 {Die Dame betritt das Schlachtfeld.} 18. Bb2 Rad8 19. Nb5 Bf3 20. d5
Ne5 (20... Nxb4 21. Nxb4 Bxg2 22. Kxg2 h3+ 23. Kf1 Ng4 $19) 21. Bxe5 Rxe5 22.
Ne1 hxg3 23. fxg3 Bh6 {Alle Figuren nehmen am Angriff teil.} 24. Rab1 Kg7 {
Ja, alle! Der Turm will nach h8.} 25. Rb3 Qh5 26. h3 Nh7 27. g4 Bxg4 {Man muss
etwas opfern, wenn man etwas Größeres dafür bekommen will!} 28. hxg4 Qxg4
29. Qd1 Qg3 30. Qe2 Ng5 31. Kh1 Rh8 {Der finale Angriff.} 32. Nxd6 Kg8 {
Macht dem Läufer den Weg frei.} 33. bxc5 Bf8+ 34. Kg1 Nh3+ 35. Kf1 Bxd6 36.
cxd6 Rf5+ 37. Nf3 Rxf3+ {Ein eindrucksvoller Sieg Kasparovs!} 0-1

[Event "Gashimov Memorial 3rd"]
[Site "Shamkir"]
[Date "2016.05.26"]
[Round "1"]
[White "Caruana, Fabiano"]
[Black "Harikrishna, Pentala"]
[Result "1/2-1/2"]
[WhiteElo "2804"]
[BlackElo "2763"]
[Annotator "Iotov,V"]
[PlyCount "85"]
[EventDate "2016.05.26"]
[EventType "tourn"]
[EventRounds "9"]
[EventCountry "AZE"]
[EventCategory "20"]
[SourceTitle "CBM 173"]
[Source "ChessBase"]
[SourceDate "2016.07.12"]
[SourceVersion "1"]
[SourceVersionDate "2016.07.12"]
[SourceQuality "1"]

1. e4 c5 2. Nf3 e6 3. d4 cxd4 4. Nxd4 Nc6 5. Nc3 Qc7 6. Be3 a6 7. Qf3 $1 {
The line which persuaded me away from playing my most favourite variation
against 1.e4 - the Taimanov Defence. It is not a winning variation, but it is
definitely a dangerous option to be considered when learning this great
opening.} Nf6 (7... Ne5 8. Qg3 h5 9. Nf5 $3 f6 $1 (9... exf5 $6 10. Nd5 Qb8 11.
Bb6 h4 12. Qc3 Nc6 13. Bc7 Qa7 14. O-O-O Nf6 15. Bc4 $40) 10. O-O-O exf5 11.
Nd5 Qc6 12. Bb6 f4 13. Qxf4 $44) 8. O-O-O Nxd4 $1 (8... Ne5 {In my opinion, a
flawed continuation. I am not clear on why this move is so popular in high
level games.} 9. Qg3 b5 10. f4 (10. Bxb5 $5 axb5 11. Ndxb5 Qb8 12. Bf4 d6 13.
Rxd6 Nh5 14. Qg5 Bxd6 15. Nxd6+ Qxd6 16. Bxe5 Ra5 17. f4 Nxf4 18. Nd5 Rxd5 19.
exd5 Ne2+ 20. Kb1 Qxd5 21. Qxg7 Rf8 22. b3 $14 {1-0 Morozevich,A (2692)
-Bukavshin,I (2657)/Moscow RUS 2015}) 10... Neg4 11. Bg1 $1 (11. e5 Nxe3 12.
Qxe3 (12. exf6 $4 Nxd1 13. fxg7 Rg8 14. Nd5 exd5 15. gxf8=R+ Kxf8 16. Qf3 Nxb2
17. Kxb2 b4 $19 {0-1 Popilski,G (2522)-Adhiban,B (2630)/Caleta ENG 2015}) 12...
b4 13. Ne4 Nd5 $6 (13... Nxe4 $142 $1 14. Qxe4 Bb7 15. Qd3 Rc8 $17) 14. Qg3 $6
(14. Qe1 $14) 14... Bb7 15. f5 $40 {0-1 Ivanisevic,I (2623)-Bukavshin,I (2616)/
St Petersburg RUS 2014}) (11. Bd2 Qa7 $1 (11... b4 12. Na4 Qa7 13. e5 Qxd4 14.
exf6 Nf2 15. Qf3 Rb8 16. Bc3 Qxd1+ 17. Qxd1 Nxd1 18. fxg7 Bxg7 19. Bxg7 Nf2 20.
Bxh8 Nxh1 21. Be5 $16 {1/2-1/2 Edouard,R (2641)-Neiksans,A (2627)/Drancy FRA
2016}) 12. Be1 $8 b4 13. Na4 h5 14. e5 Nd5 $132) 11... b4 12. Na4 $1 Nh6 13.
Qe3 $1 Be7 14. Bd3 O-O 15. Kb1 $1 (15. h3 d5 16. e5 Ne4 17. g4 Bd7 18. Bxe4
dxe4 19. b3 $11 {1/2-1/2 Salgado Lopez,I (2616)-Matlakov,M (2694)/Montpellier
FRA 2015}) 15... d5 16. e5 Ne4 17. Nb3 $16) (8... Be7 $5) 9. Bxd4 e5 10. Be3 (
10. Qg3 d6 11. Be3 Be6 12. Bg5 Be7 13. Bxf6 Bxf6 14. Nd5 Bxd5 15. Rxd5 O-O $11)
10... d6 11. h3 b5 12. Bd3 $6 (12. a3 $142 {Preventing Black's advances on the
queenside. There is no need to develop a piece for the sake of developing.} h6
$1 (12... Be6 13. g4 Be7 14. g5 Nd7 15. h4 Rb8 16. Bh3 $16) (12... Rb8 13. Bg5
Be7 14. Bxf6 Bxf6 15. Nd5 Bg5+ 16. Kb1 Qd8 17. g3 $16 {[%csl Yd5,Rg5][%cal
Gh3h4,Gf1h3]}) 13. g4 Rb8 14. g5 hxg5 15. Bxg5 Be7 16. Bxf6 Bxf6 17. Nd5 Bg5+
18. Kb1 Qd8 19. Rg1 $14) 12... b4 13. Nd5 Nxd5 14. exd5 $11 a5 $1 {Harikrishna
wastes no time in preparing his queenside attack!} 15. Kb1 (15. Qg3 f5 $1 16.
Qg5 Qf7 17. Bb5+ Bd7 18. Bxd7+ Qxd7 19. f4 g6 20. g4 Be7 21. Qh6 Bf8 22. Qg5
Be7 $11) (15. g4 $5 Be7 16. Qe4 Ba6 17. Bxa6 Rxa6 18. f4 O-O 19. Kb1 Raa8 $1
$11) 15... Be7 16. g4 O-O 17. g5 Ba6 18. Qe4 g6 $6 {Creating a possible
weakness for no reason is never a good idea. Such a move allows h4-h5 ideas,
whereas the simple 18...Bxd3 would have kept Black's king in check.} (18...
Bxd3 $1 19. cxd3 $1 {[%csl Yc6][%cal Gd1c1,Gc1c6]} (19. Qxd3 f5 20. gxf6 Bxf6
$15) 19... f5 20. gxf6 Bxf6 21. Rc1 Qd7 22. Rc6 Be7 23. Qc4 Qf5 24. Qe4 Qd7 $11
) 19. h4 $1 $14 Rfc8 20. Rc1 $6 (20. h5 $142 {It is never an easy decision to
ignore the opponent's threat, but a necessary one in order to fight for the
advantage!} Bxd3 21. cxd3 $1 (21. Qxd3 $6 Qc4 $1 $11) 21... Qc2+ 22. Ka1 a4 23.
Rc1 Qe2 24. Rxc8+ Rxc8 25. hxg6 hxg6 26. Qxb4 a3 27. Qxa3 Qf3 28. Rb1 Qxd5 29.
Qa4 $16) 20... Qd7 (20... Bxd3 21. cxd3 Qd7 22. Rc6 Rxc6 23. dxc6 Qe6 24. f4
Rc8 25. Rc1 Bd8 {[%csl Ya5,Gc6,Yd8][%cal Gd8a5]} 26. c7 $1 Bxc7 27. fxe5 dxe5 (
27... d5 28. Qd4 Qd7 29. Qc5 $16) 28. Qc4 Qd6 29. Rc2 $16 {[%cal Gd3d4]}) 21.
Bxa6 Rxa6 22. f4 Qf5 23. Qxf5 gxf5 {Positionally speaking, a very flawed
endgame for Black due the pawn structure. White is simply a "pawn up" on the
queenside!} 24. c3 $1 bxc3 25. Rxc3 Rxc3 26. bxc3 Ra8 27. Kc2 Rb8 (27... Rc8
28. Rf1 $1 f6 29. fxe5 fxe5 30. Rxf5 Rc4 31. h5 Ra4 32. Kb2 Rh4 33. g6 hxg6 34.
hxg6 Rg4 35. Bb6 a4 36. Rf7 $16) 28. Rf1 $1 {Fixing the centre takes away any
possible counterplay. It is the way of the technical player!} (28. fxe5 dxe5
29. c4 $16 {[%csl Gc4,Gd5]}) 28... e4 29. a4 (29. Rb1 $2 Rxb1 30. Kxb1 Bd8 31.
h5 Kf8 32. Kb2 Ke8 33. Kb3 Kd7 34. Ka4 Ke8 35. Kb5 Kd7 36. c4 Bc7 $11 {Such an
endgame may seem difficult to resist. However, the passed pawn on e4 manages
to save the position!}) 29... Kf8 30. h5 Ke8 31. Rg1 Kd7 32. Bd4 Kc7 $2 (32...
Ke8 $1 $132 {Having the king closer to the kingside would be the best way to
defend this position.}) 33. g6 fxg6 34. hxg6 hxg6 35. Rxg6 Rf8 36. Rg7 Kd7 37.
c4 $4 {[%csl Yc4]} (37. Kb3 {[%cal Gb3c4,Gc4b5]} Ke8 38. Kc4 $16) 37... Ke8 $11
38. Kc3 Bh4 39. Ra7 Be1+ 40. Kc2 Rg8 41. Ra8+ Kf7 42. Ra7+ Ke8 43. Ra8+ {
Caruana undoubtedly dominated for most of the game. It is only by luck that
Harikrishna managed to save this game and get a draw!} 1/2-1/2